[Event "SLO-ch U16"]
[Site "Rogaska Slatina"]
[Date "2009.02.26"]
[Round "7"]
[White "Rakovec, Anze"]
[Black "Sterk, Andraz"]
[Result "0-1"]
[WhiteElo "1500"]
[BlackElo "1500"]
[PlyCount "84"]
[EventDate "2009.02.22"]
[EventType "swiss"]
[EventRounds "9"]
[EventCountry "SLO"]
[SourceTitle "CBM 129 Extra"]
[Source "ChessBase"]
[SourceDate "2009.05.05"]
[SourceVersion "2"]
[SourceVersionDate "2009.05.20"]
[SourceQuality "1"]

1. e4 c5 2. c3 e6 3. d4 Nc6 4. Nf3 Nf6 5. Bg5 Be7 6. Nbd2 0-0 7. Bd3 b6 8. 0-0 cxd4 9. cxd4 Nb4 10. Bb1 Ba6 11. Re1 Rc8 12. a3 Nd3 13. Bxd3 Bxd3 14. Rc1 Rxc1 15. Qxc1 h6 16. Bh4 d5 17. e5 Ne4 18. Bxe7 Qxe7 19. Re3 Nxd2 20. Rxd3 Ne4 21. h4 f6 22. Nh2 fxe5 23. f3 Ng3 24. Qe1 Qxh4 25. dxe5 Rc8 26. Rd1 Rc2 27. Rd2 Rxd2 28. Qxd2 Qc4 29. Kf2 Nf5 30. Nf1 Qc5+ 31. Ke2 Kf7 32. Ne3 Nxe3 33. Qxe3 Qxe3+ 34. Kxe3 g5 35. g4 Kg6 36. f4 h5 37. gxh5+ Kxh5 38. f5 exf5 39. e6 Kg6 40. e7 Kf7 41. e8Q+ Kxe8 42. Kd4 g4 0-1

[Event "SLO-ch U16"]
[Site "Postojna"]
[Date "2008.02.26"]
[Round "4"]
[White "Zaksek, Peter"]
[Black "Rakovec, Anze"]
[Result "1-0"]
[WhiteElo "1535"]
[BlackElo "1500"]
[PlyCount "47"]
[EventDate "2008.02.24"]
[EventType "swiss"]
[EventRounds "9"]
[EventCountry "SLO"]
[SourceTitle "EXT 2010"]
[Source "ChessBase"]
[SourceDate "2010.11.25"]
[SourceVersion "1"]
[SourceVersionDate "2010.11.25"]
[SourceQuality "1"]

1. e4 e5 2. Nf3 Nc6 3. Bb5 d6 4. 0-0 Nf6 5. Nc3 Bg4 6. d3 h6 7. h3 Bh5 8. Be3 a6 9. Ba4 b5 10. Bb3 Nd4 11. Bxd4 exd4 12. Nd5 Nxd5 13. Bxd5 Rc8 14. Bc6+ Ke7 15. Re1 Rb8 16. e5 d5 17. Qe2 Rb6 18. e6 Rxc6 19. exf7+ Kxf7 20. Ne5+ Kf6 21. Qxh5 Qa8 22. Qg6+ Ke7 23. Nxc6+ Kd7 24. Qe6# 1-0